| 000 | 00857cam a2200217 a 4500 | ||
|---|---|---|---|
| 005 | 20160219203257.0 | ||
| 008 | 051130s2003 ck fr o10010 spa d | ||
| 040 |
_aie _cie _dCO-BoIAVH |
||
| 041 | 0 | _aspa | |
| 044 | _ack | ||
| 082 | 0 | 4 |
_a338.18 _bS47m |
| 111 | 2 |
_aSeminario, La hora del campo _d2003 : _cBogotá) |
|
| 245 | 1 | 0 |
_aMemorias del seminario : _bLa hora del campo |
| 260 |
_aBogotá : _bDepartamento Nacional de Planeación, _c2003. |
||
| 300 |
_a155 páginas ; _c28 x 21 cm. |
||
| 650 | 1 | 4 |
_aAgricultura _x Aspectos económicos _z Colombia _v Congresos, conferencias, etc.. |
| 650 | 1 | 4 |
_aDesarrollo agrícola _z Colombia _v Congresos, conferencias, etc.. |
| 650 | 2 | 6 |
_aNegociaciones comerciales _z Colombia _v Congresos, conferencias, etc.. |
| 740 | 1 | _aMemorias del Seminario La Hora del Campo. | |
| 942 |
_2ddc _cLIBRO |
||
| 999 |
_c5773 _d5773 |
||